| 000 | 01069cam a2200337 a 4500 | ||
|---|---|---|---|
| 003 | CO-BoRNBP | ||
| 005 | 20230518223020.0 | ||
| 007 | ta | ||
| 008 | 040901s2004 ck a r 00011dspa d | ||
| 020 | _a9588160723 | ||
| 040 |
_aCO-BoRNBP _bspa _erda _cCO-BoRNBP |
||
| 041 | 0 | _aspa | |
| 043 | _ack | ||
| 084 | _aN MARA1 | ||
| 100 | 1 | 0 |
_aMartinez Montaña, Antonio _d1932- _92162 |
| 245 | 1 | 0 |
_aAguas bravías _cAntonio Montaña |
| 250 | _a1a. edición | ||
| 264 |
_aBogotá _bVillegas Editores _c2004 |
||
| 300 |
_a442 páginas _bilustraciones _c21 cm. |
||
| 336 |
_atexto _btxt _2rdacontent |
||
| 337 |
_asin mediación _bn _2rdamedia |
||
| 338 |
_avolumen _bnc _2rdacarrier |
||
| 490 | _aVillegas. Novela | ||
| 500 | _aDonación Villegas Editores | ||
| 500 | _aIncluye datos biográficos del autor | ||
| 650 | 1 | 4 |
_2LEMB _aLiteratura colombiana _ySiglo XX _9427 |
| 650 | 1 | 4 |
_2LEMB _aNovela histórica colombiana _ySiglo XX _91201 |
| 650 | 1 | 4 |
_2LEMB _aNovela amorosa colombiana _ySiglo XX _92163 |
| 650 | 1 | 4 |
_2LEMB _aBarcos en la literatura _92164 |
| 942 | _cBKLIT | ||
| 999 |
_c9581 _d9581 |
||